50 Most Guessed Countries On Jetpunk - Statistics

General Stats
  • This quiz has been taken 197 times
    151 since last reset
  • The average score is 40 of 50
Answer Stats
Rank Country % Correct
2 China
98%
3 United Kingdom
98%
5 Canada
97%
1 United States
97%
16 Mexico
96%
7 India
95%
13 Spain
95%
10 Brazil
94%
4 France
94%
6 Russia
94%
9 Japan
93%
8 Australia
92%
15 Germany
92%
17 Italy
92%
22 Egypt
91%
14 Iran
91%
24 Norway
90%
34 Poland
90%
35 Sweden
90%
23 Argentina
89%
27 Colombia
88%
44 South Korea
87%
11 Turkey
87%
37 South Africa
86%
29 Chile
85%
45 Denmark
85%
31 Portugal
85%
20 Indonesia
84%
38 New Zealand
84%
33 Finland
83%
21 Peru
83%
28 North Korea
82%
43 Greece
81%
41 Ireland
81%
32 Thailand
80%
48 Ukraine
80%
26 Pakistan
78%
12 Vietnam
77%
39 Saudi Arabia
75%
40 Venezuela
75%
18 Philippines
66%
36 Malaysia
65%
25 DR Congo
58%
46 Kazakhstan
58%
42 Bolivia
54%
30 Kenya
48%
19 Myanmar
42%
47 Estonia
37%
49 Lithuania
33%
50 Tanzania
33%
No matching quizzes found
Score Distribution
Percent of People with Each Score
Percentile by Number Answered
Your Score History
You have not taken this quiz since the last reset